00537 2200205 4500001002100000005001500021035002000036245005900056300003200115264004400147336002200191337002000213338002700233082001000260084001400270022001400284600001000298863001400308990000900322INLIS00000000000234120260413093409 a0010-04260000011 aHidayatullah :bCegah Kemungkaran dengan Dakwah /cTIM a100 hlm :bilust ;c27,5 cm aJakarta :bPT.Lentera Jaya Abadi,c2012 2rdacontentaAgama 2rdamediaaFisik 2rdacarrieraHard Cover a070.1 a070.1 TIM a0863-2367 4aAgama a10 / XXIV a6957